Los datos visuales en investigación cualitativa

Պահպանված է:
Մատենագիտական մանրամասներ
Հիմնական հեղինակ: Banks, Marcus (autor)
Այլ հեղինակներ: Blanco Castellanom, C. (traducción), Amo Martín, T. del (traducción)
Ձևաչափ: Գիրք
Լեզու:իսպաներեն
Հրապարակվել է: Madrid, España: Ediciones Morata, 2010.
Շարք:Colección Investigación Cualitativa,
Խորագրեր:
Ցուցիչներ: Ավելացրեք ցուցիչ
Չկան պիտակներ, Եղեք առաջինը, ով նշում է այս գրառումը!

MARC

LEADER 00000cam a2200000 a 4500
001 UCE6761
003 CL-VaPUC
005 20241104122005.0
008 150430e20100000sp |||||||||||||||||spa|d
999 |c 358949  |d 358947 
020 |a 9788471126238 
040 |c Pontificia Universidad Católica de Valparaíso 
082 0 4 |a 001.42 BAN 2010  |2 21 
100 0 |a Banks, Marcus  |e autor  |9 579363 
245 1 4 |a Los datos visuales en investigación cualitativa 
260 |a Madrid, España:  |b Ediciones Morata,  |c 2010. 
300 |a 175 páginas. 
490 0 |a Colección Investigación Cualitativa,   |n 5. 
583 |a last modification  |c 20170925 03:19:23  |k Rodrigo Vera 
650 0 |a Investigación cualitativa  |9 389535 
650 0 |a Antropología cultural y social   |9 265143 
650 0 |a Métodos de investigación   |9 262618 
650 0 |a Gestión de datos  |9 353312 
650 0 |a Ciencias sociales  |x Trabajo de campo  |9 887291 
700 |a Blanco Castellanom, C.  |e traducción   |9 893082 
700 |a Amo Martín, T. del   |e traducción   |9 893083 
942 |c BK  |2 ddc 
945 |d 20150430 00:23:00  |a arojas 
952 |0 0  |1 0  |3 erb  |4 0  |6 001_420000000000000_BAN_2010  |7 0  |8 A  |9 467923  |a BIBING  |b BIBING  |i 5147999  |o 001.42 BAN 2010  |p 5147999  |r 2025-01-20  |w 2019-11-23  |y BK  |z Catalogado en:20150430  |k GEO 
952 |0 0  |1 0  |3 erb  |4 0  |6 001_420000000000000_BAN_2010  |7 0  |8 A  |9 467925  |a BIBING  |b BIBING  |i 5426049  |o 001.42 BAN 2010  |p 5426049  |r 2025-01-20  |w 2019-11-23  |y BK  |z Catalogado en:20170929  |k GEO 
952 |0 0  |1 0  |3 erb  |4 0  |6 001_420000000000000_BAN_2010  |7 0  |8 A  |9 467926  |a BIBING  |b BIBING  |i 544134K  |l 3  |o 001.42 BAN 2010  |p 544134K  |r 2025-01-20  |s 2022-04-05  |w 2019-11-23  |y BK  |z Catalogado en:20171208  |k GEO 
952 |0 0  |1 0  |2 ddc  |4 0  |6 001_420000000000000_BAN_2010  |7 0  |8 A  |9 597728  |a BIBARQ  |b BIBARQ  |d 2024-11-04  |e 4  |g 33443.85  |i 5663104  |o 001.42 BAN 2010  |p 5663104  |r 2025-01-20  |t 4  |v 33443.85  |w 2024-11-04  |y BK  |k MAD